00455nam a2200145Ia 4500003000900000008004100009040001600050080001600066100002100082245007900103260006800182300001000250650004100260650000800301IN-BaIIA211028s9999 xx 000 0 eng d cIIA Library a523.94bGIB aGibson, Edward G 4aThe quiet SuncEdward G Gibson  aWashingtonbNational Aeronautics and Space Administrationc1973 a330p. aAstronomy and Astrophysics Thesaurus aSun